La genèse, les miracles et les prédictions selon le spiritisme / (Record no. 156554)

MARC details
000 -LEADER
campo de control de longitud fija 00717nam a22001935i 4500
001 - NÚMERO DE CONTROL
campo de control 156554
003 - IDENTIFICADOR DE NÚMERO DE CONTROL
campo de control ES-MaACL
005 - FECHA Y HORA DE LA ÚLTIMA TRANSACCIÓN
campo de control 20230906210436.0
008 - DATOS DE LONGITUD FIJA--INFORMACIÓN GENERAL
campo de control de longitud fija 040803s1868 fr |||| | fre d
040 ## - FUENTE DE CATALOGACIÓN
Centro catalogador/agencia de origen CAM
Lengua de catalogación spa
Centro/agencia transcriptor CAM
100 1# - ENTRADA PRINCIPAL--NOMBRE DE PERSONA
Nombre de persona Kardec, Allan.
9 (RLIN) 67552
245 13 - MENCIÓN DEL TÍTULO
Título La genèse, les miracles et les prédictions selon le spiritisme /
Mención de responsabilidad, etc. par Allan Kardec.
260 ## - PUBLICACIÓN, DISTRIBUCIÓN, ETC.
Lugar de publicación, distribución, etc. Paris :
Nombre del editor, distribuidor, etc. Librairie Internationale ;
Lugar de publicación, distribución, etc. Bruxelles [etc] :
Nombre del editor, distribuidor, etc. A. Lacroix, Verboeckhoven et c\pe\s éditeurs (
Lugar de fabricación/manufactura Paris :
Fabricante Typ. Rouge frères, Dunon et Fresné)
300 ## - DESCRIPCIÓN FÍSICA
Extensión IV, 459 p. ;
Dimensiones 18 cm.
650 #4 - PUNTO DE ACCESO ADICIONAL DE MATERIA--TÉRMINO DE MATERIA
Término de materia o nombre geográfico como elemento de entrada Espiritismo.
9 (RLIN) 12502
650 #4 - PUNTO DE ACCESO ADICIONAL DE MATERIA--TÉRMINO DE MATERIA
Término de materia o nombre geográfico como elemento de entrada Milagros.
9 (RLIN) 136497
650 #4 - PUNTO DE ACCESO ADICIONAL DE MATERIA--TÉRMINO DE MATERIA
Término de materia o nombre geográfico como elemento de entrada Predicciones.
9 (RLIN) 136760
852 ## - LOCALIZACIÓN
Ubicación ES-MaACL
Número de control de estantería C-3516
Nota libre -- Enc. hol.
Holdings
Estatus retirado Estado de pérdida Estado de daño No para préstamo Biblioteca de origen Biblioteca actual Ubicación en estantería Fecha de adquisición Fuente de adquisición Total de préstamos Signatura topográfica completa Código de barras Visto por última vez Precio de reemplazo Tipo de ítem Koha
        Biblioteca del Ateneo de Madrid Biblioteca del Ateneo de Madrid Sala Palomar 17/01/2008     C-3516 1163794 23/02/2023 23/02/2023 Libro impreso